00421nam a22001337a 450000500170000000800410001704100130005808200140007110000250008524500650011026000540017530000330022965000250026220231121134646.0231121b |||||||| |||| 00| 0 eng d aEnglish  a342.8 DUG aDugard, J lEnglish  aHuman Rights and the South African Legal Order / cJ Dugard  aNew Jersey : bPrinceton University Press, c1978 bxix, 470 pages ; c24,3 cm.  aLegal practice bLaw